000
00297nam a2200121 a 4500
008
101026s1973|||| d
100
1
_a
Mináč, Vladimír
245
1
0
_a
Výrobca šťastia
041
_a
slo
044
_a
xo
_c
SK
260
_b
Slovenský spisovateľ
_a
Bratislava
_c
1973
020
_c
15
999
_c
12268
_d
12268